| 000 | 00322nam a22001217a 4500 | ||
|---|---|---|---|
| 082 | _a220 PRO | ||
| 100 |
_aMOIEN,MUNEEB,TALHA _972152 |
||
| 245 | _aPR-SOF-1119-PARAMETRIC STUDY OF TIRE MODELS | ||
| 260 |
_aISLAMABAD _bNUST COLLEGE OF EME _c2011 |
||
| 650 | _a DE-MECH-29 | ||
| 700 |
_aRAJA AMER AZIM _970284 |
||
| 942 | _cCR | ||
| 999 |
_c578314 _d578314 |
||